000 01059cam a2200133 4500500
005 20260405051057.0
041 _afre
042 _adc
100 1 0 _aMalka, Salomon
_eauthor
245 0 0 _aDictionnaire intime de la Bible
260 _bArmand Colin,
_c2011.
520 _aDu pain au vin, d’Abraham à Esther, de l’attente à la bénédiction, de la bonté à l’ivresse, de Samson au roi David, de Babel à Qumran, de Job à Jonas, de Maïmonide à Erri de Luca, l’auteur nous convie dans ce dictionnaire intime à une promenade biblique au gré de ses goûts, de ses lectures, de ses rencontres. Les « entrées » sont classées par ordre alphabétique. Ici, un personnage. Là, une exégèse. Là encore, un portrait, une anecdote, un récit… Tous ces thèmes dessinent un parcours où la Bible et la littérature se trouvent célébrées l’une et l’autre comme une passion commune et une intimité partagée.
856 4 1 _uhttps://shs.cairn.info/dictionnaire-intime-de-la-bible--9782200249861?lang=fr&redirect-ssocas=7080
999 _c2175170
_d2175170